超噓!日本妙事 : 空中的人形醫生之日本見聞錄

資料類型: Book 圖書   書目號:41867

Leader xxxxxxxxxx
001 __ PCLIS00041867
005 __ 20080811180049.0
008 __  chi
010 0_ |a9789861851464|b平裝|dNT$250
020 __ |atw|b96025836
050 __ |a001891339
100 __ |a20080514d2008    m  y0chiy09      e
101 0_ |achi
102 __ |atw
105 __ |ay   z   000yy
200 1_ |a超噓!日本妙事|e空中的人形醫生之日本見聞錄|f劉立群著
205 __ |a初版
210 __ |a臺北市|c高寶國際|d2008.02
215 0_ |a240面|c|d21公分
225 1_ |a新視野|v54
260 1_ |a2008
300 __ |a
517 1_ |a空中的人形醫生之日本見聞錄|zchi
606 __ |2csh|a散文
681 __ |a855|b8735|v2007年版
700 _1 |a|b立群|c(中國文學, 1981-)|4
702 __ |a|b|4
801 _0 |atw|bCIP|c20071227|gCCR
801 _1 |atw|bCIP|c20071227|gCCR
801 _2 |atw|b國圖|c20080808|gCCR
詳細館藏(共 1 筆)
索 書 號登 錄 號冊次號館別 / 館藏地流通類型狀態加入預約清單電子資源
855 / 8735 2017704  圖書館 / 一樓普通區 可外借30天 在館   

| 條列資料




目錄查詢 分類查詢 個人資料 圖書薦購 新書查詢 閉館日 排行榜 更多電子資源 Hami書城 線上資料庫 登出

From : 216.73.216.116

  本日流通累計至 07:45:03 借閱 : 0 次 續借 : 0 次 歸還 : 0 次 預約 : 0 次 電子資源 : 0 次


內湖高中圖書館  PCLIS 版本  25.5.0.2